Struggle for land and the fate of the forests (Record no. 40727)

MARC details
000 -LEADER
fixed length control field 00369nam a2200133Ia 4500
082 ## - DEWEY DECIMAL CLASSIFICATION NUMBER
Classification number 630*9
Item number COL
245 #0 - TITLE STATEMENT
Title Struggle for land and the fate of the forests
260 ## - PUBLICATION, DISTRIBUTION, ETC. (IMPRINT)
Place of publication Malaysia
Name of publisher World rainforest movement
Year of publication 1993
650 ## - SUBJECT ADDED ENTRY--TOPICAL TERM
Topical Term Rainforests
700 ## - ADDED ENTRY--PERSONAL NAME
Personal name Colchester, Marcus
700 ## - ADDED ENTRY--PERSONAL NAME
Personal name Lohmann, Larry
942 ## - ADDED ENTRY ELEMENTS (KOHA)
Koha item type Books
Holdings
Withdrawn status Lost status Damaged status Not for loan Home library Current library Date acquired Cost, normal purchase price Full call number Accession Number Koha item type
      Write off RRII Library RRII Library 16/12/2021 290.00 630*9 COL 21024 Books